| 000 | 00349nam a2200133Ia 4500 | ||
|---|---|---|---|
| 008 | 240624s9999 xx 000 0 und d | ||
| 041 | _aeng | ||
| 082 | _a823 GOD | ||
| 100 | _aGODSE RAVINDRA | ||
| 245 | _a2 GUYS 3 GIRLS AND A MAD PROFESSOR | ||
| 260 |
_c2003 _aMumbai _bHimalaya Publishing House |
||
| 300 | _a350 : p. : cm. ; 18 | ||
| 365 |
_cRS _b30 |
||
| 999 |
_c19503 _d19503 |
||